=LDR 00000nam 2200000 4500 =001 INLIS000000000033409 =005 20130612135350 =008 ***********************************ind** =035 ##$$a0010-061300000033409 =041 ##$$a ind =082 ##$$a 616.462 38 =090 ##$$a 616.462 38, Dew m =100 ##$$a Dewi, Ayu Bulan Febry Kurnia =245 ##$$a Menu Sehat 30 hari untuk mencegah dan mengatasi diabetes mellitus, Ayu bulan febry kurnia dewi;Penyunting, Yunita Indah =260 ##$$a 2009 $b Jakarta =300 ##$$a viii,172 hlm, Ilus, 23 cm =650 ##$$a Diabetes Melitus =700 ##$$a Indah, Yunita =850 ##$$a NBPNMAT =990 ##$$a 0001/BPAP-NTB/20142014